All Jim Yosef Debuts On NCS - Statistics

General Stats
  • This quiz has been taken 7 times
  • The average score is 13 of 30
Answer Stats
Feat. Song Views % Correct
Electro-Light, Anna Yvette. DEAF KEV, Tobu Destiny 2,5M
100%
- Eclipse 29M
100%
- Firefly 80M
100%
- Arrow 23M
67%
Anna Yvette Can't Wait 21M
67%
Ephixa Everlasting 3,6M
67%
STARLYTE Firefly pt. II 3,3M
67%
- Lights 14M
67%
- Link 74M
67%
Anna Yvette Linked 39M
67%
Scarlett Volcano 1,1M
67%
- Canary 5,8M
33%
Valentina Franco Chasing Dreams 2,6M
33%
Anna Yvette Courage 3,5M
33%
- Fall With Me 3,2M
33%
Ivan Jamile, Kedo Rebelle Forces 12M
33%
- Let You Go 4,3M
33%
- Moonlight 4,4M
33%
Alex Skrindo Passion 8,8M
33%
Alex Skrindo Ruby 5,9M
33%
- Samurai 4,1M
33%
EMM Shudder 1,7M
33%
Shiah Maisel Slow Down 1,4M
33%
- Speed 8,2M
33%
ROY KNOX Sun Goes Down 4,7M
33%
Sara Skinner WILDFIRE 2,5M
33%
Rival, Alaina Cross Gone For Good 548K
0%
- Imagine 3,6M
0%
Shiah Maisel Just Getting Started 482K
0%
Shiah Maisel Unforgivable 1M
0%
No matching quizzes found
Score Distribution
Percent of People with Each Score
Percentile by Number Answered
Your Score History
You have not taken this quiz